00467nam a2200145 a 450000500170000000800410001702000180005805000280007610000180010424500970012226000540021930000110027365000120028465000250029620140412111300.0010327s19uu xx 00 eng d a0-590-49243-8 aTR(GS 028.162bB76 1996 aBrooks, Ellen aJust-right books for beginning readers :bleveled booklists & strategies /cby Ellen Brooks. aNew York :bScholastic Professional Books,c1996. a128 p. aReaders aTeachers' strategies